| 000 | 00739nam a2200217 i 4500 | ||
|---|---|---|---|
| 001 | 000002672 | ||
| 003 | DO-SdBNP | ||
| 005 | 20240910150143.0 | ||
| 007 | ta | ||
| 008 | 090703s19uu dr a r 000 0 spa d | ||
| 040 |
_aDO-SdBNP _bspa _cBNPHU _erda |
||
| 082 | 4 |
_a334.2 _bD615u 1985 _222 |
|
| 100 | 1 |
_aDitrén Díaz, R. Isidro. _98431 _4aut. _eautor |
|
| 245 | 1 | 0 |
_aUnidos contra la usura en las cooperativas de crédito / _cR. Isidro Ditrén Díaz. |
| 250 | _a4a ed. | ||
| 264 |
_aSanto Domingo : _b[editor no identificado] ; _c[fecha de publicación no identificada]. |
||
| 300 |
_a101 páginas : _bilustraciones ; _c22cm. |
||
| 590 | _aInventariado, 2020/YL | ||
| 650 | 4 |
_aCooperativas _xBancarias y de crédito _98432 |
|
| 942 |
_2ddc _cLBS1 |
||
| 999 |
_c2508 _d2508 |
||